| 000 | 00403nam a2200169Ia 4500 | ||
|---|---|---|---|
| 008 | 180424s9999 xx 000 0 und d | ||
| 084 | _a336 E1 | ||
| 100 | _a"Eckstein, Otto" | ||
| 245 | 0 | _aPublic Finance | |
| 250 | _a\\196702ENGGPSX | ||
| 260 | _aPrentice Hall | ||
| 260 | _b1967 | ||
| 260 | _cEnglewood Cliffs | ||
| 300 | _aviii+133p | ||
| 500 | _aincludes index and biblioraphy | ||
| 942 | _cBK | ||
| 999 |
_c17894 _d17894 |
||